000 00524nam a2200229 a 4500
001 nice12345678
003 IN_TiNIC
005 20260116014329.0
008 080915s2005 dela grp 000 0 urd
020 _a
_c100
082 0 0 _a324.2454
_bBAS
100 _aBasheer, Haris
245 _aRSS Ek Mutalaa
260 _aDelhi
_bCosmos Books
_c2005
300 _a256p
500 _aincludes index and biblioraphy
650 _aRSS
700 1 _aBasheer, Haris
902 _bSRS
942 _cBK
999 _c14848
_d14848